Mikä paikka puuttuu biisistä? - Statistics

Yleistilastot
  • Tätä visaa on pelattu 70 kertaa
    56 viimeisimmän päivityksen jälkeen
  • Keskiarvotulos 12 / 33
Vastaustilastot
Hint Vastaus % Oikein
Mä, mä vaan haluan Mennä yölennolla _________ Bess Pariisiin
80%
Ja katsellaan ohi lipuvaa Ruotsinlaivaa, se on matkalla __________ PMMP Tukholmaan
78%
Mul on sotkunen grilli ja takapiha Ja mä päätin et tää on nyt _____ ____ Paula Vesala Costa Rica
72%
Mä pullotan mun kyyneleet, ja myyn ne ________ Missä niitä tarvitsee tuo kuiva karu maa Chisu Saharaan
72%
Näin sut ensikertaa uudessa valossa Oli rippikoulukesä, olit käynyt kampaajalla _______ Arttu Wiskari Salossa
72%
Lukee vaikka kirjaa Junamatka _______ ihana ois Irina Turkuun
68%
Pikavipillä saatiin lomasetti Kohteena __________ vahakabinetti Arttu Wiskari Visulahden
68%
Ei auta vaikka pukis nunnakaavun Tai vuoksein itkis koko __________ Erika VIkman Argentiina
64%
Olisko Suomen itsetunto noussut kanveesista Jos Leijonat olisi kultaa tuoneet jo _______________? Arttu Wiskari Lillehammerista
62%
Mut joka _________ muutosta haaveilee Kun lottoa tekee Olli Halonen Espanjaan
58%
Sateiset saaret lännen äären Kirsikankukat _______ Laura Närhi Japanin
50%
Kesä loppui ja mulle kerrottiin Ei tule enään reissuja ___________ Vanhemmat eros ja mökki myytiin Arttu Wiskari Evitskogiin
48%
Synkästä ja lennän etelään lennän etelään Meen ________ tai mihin vaan Jari Sillanpää Malagaan
46%
Elämä on parasta huu-moria Vieläk sääki elät? Meille huutaa puoli _____ Portion boys Poria
44%
Mut mun sydän meni sen takii kuolioo Olin valmiin muuttaa _______, kuuletsä Täst kipinäst sytyttää nuotio Mikael Gabriel Kuopioo
36%
___________ on Mozartti coolia Portion boys Itävallassa
34%
Haluut matkustella, nähdä __________ Elämä on lyhyt, aika loppuu pian Anssi Kela Australian
32%
Viime kerralla kun vaarin näin, ei se enää mua tuntenut Kunto romahtanut alaspäin ______________ takas kadonnut Arttu Wiskari Raatteentielle
32%
Täysosumakaan ei ihmistä muuta Onhan _____ koivutkin samaa puuta Olli Halonen Turus
26%
Sit oli tiukkaa ja melkein kadotin elämän hallinnan, vaihtoehtoina _________ spa tai ristеly _________ Portion boys Ikaalinen, Tallinnan
22%
Kun tokan kerran me tavattiin _____ silloin aloin jo aavistaa, että joku spesiaalikeissi tää olis ja aika vaan fiilistä vahvistaa. Jukka Poika Poris
22%
Läpi ____________ väylän keimolan portin poliisitkin pysäytti ja vei ajokortin Portion boys Hämeenlinnan
18%
Se haastaa ja aina pyrkii mun pään kääntämään Hakenu näkemystä mun meininkiini taas Monacon vipeistä slummeihin _______ Elastinen Keniaan
18%
Tän bussin pyörät pyörii, kuski uutta kohti ohjaa Ensimmäinen kusitauko hiukan ennen ______ Faija Lohjaa
16%
Sut veisin autiolle saarelle _________ tai ihan vaa baanalle Portion boys Imatralle
12%
Otin kentältä Finnairin siivet alle Kahden välilaskun kautta päädyin __________ Arttu Wiskari Pattayalle
12%
________ radan tiistai-turnauksessa Poikani kilpailua kuvatessa Arttu Wiskari Bembölen
8%
Mitäpä jos mä muutan ________? Mitäpä jos mä sokeudun? Samuli Putro Ruotsiin
8%
Päällemme kaatuivat käytävät _______ Löytyi pesäke rutiiniseulassa Arttu Wiskari HYKS:in
6%
Avojaloin halki _______ meidän kylä piti jättää Leevi and the Leavings Afrikan
4%
Sanot: "hei äiti viel joskus me ollaan noita Jotka lomilla lentää __________" Mira Luoti Kanarialle
4%
Oonko loppuun asti haaveileva mutta suora Muutinko __________ itseäni etsimään? Ellinoora Lontooseen
2%
Lähdin aamulla ________ ylipainosena, kahvitauko sitten ___________ Portion boys Hangosta, Nuorgamissa
0%
Ehtoja vastaavia visoja ei löytynyt
Tulosjakauma
Jokaisen tuloksen saaneiden osuus
Persentiili vastausten määrän mukaan
Tuloshistoriasi
Et ole pelannut tätä visaa sen viimeisimmän päivityksen jälkeen